| 000 | 00517nam a22001697a 4500 | ||
|---|---|---|---|
| 999 |
_c525529 _d525529 |
||
| 003 | NUST | ||
| 020 | _c(Hbk) | ||
| 038 | _aM. Shaban | ||
| 082 |
_a320.4 _bUSM |
||
| 100 |
_aUsmani, Muftti Muhammad Taqqi _916427 |
||
| 245 |
_aIslam aor siasi nazariat / _cMuftti Muhammad Taqqi Usmani |
||
| 260 |
_aKarach : _bMaktaba Marful Quran, _c2010. |
||
| 300 | _a423 p. ; | ||
| 880 |
_6100-01\r _aمُفتی محمد تقی عُثمانی |
||
| 880 |
_6245-02\r _aاسلام اور سیاسی نظریات / |
||
| 942 |
_2ddc _cBK |
||